|
|
|
|
| LEADER |
01849nam a2200457 i 4500 |
| 001 |
EBC1375260 |
| 003 |
MiAaPQ |
| 005 |
20200520144314.0 |
| 006 |
m o d | |
| 007 |
cr cnu|||||||| |
| 008 |
140414t20142014nyua ob 001 0 eng d |
| 020 |
|
|
|z 9781782382423
|
| 020 |
|
|
|a 9781782382430
|q (electronic bk.)
|
| 035 |
|
|
|a (MiAaPQ)EBC1375260
|
| 035 |
|
|
|a (Au-PeEL)EBL1375260
|
| 035 |
|
|
|a (CaPaEBR)ebr10856039
|
| 035 |
|
|
|a (CaONFJC)MIL585845
|
| 035 |
|
|
|a (OCoLC)875096002
|
| 040 |
|
|
|a MiAaPQ
|b eng
|e rda
|e pn
|c MiAaPQ
|d MiAaPQ
|
| 043 |
|
|
|a a-ce---
|
| 050 |
|
4 |
|a HD60.5.S797
|b .W53 2014
|
| 082 |
0 |
|
|a 338.095493
|2 23
|
| 100 |
1 |
|
|a Wickramasinghe, Nira,
|e author.
|
| 245 |
1 |
0 |
|a Metallic modern :
|b everyday machines in colonial Sri Lanka /
|c Nira Wickramasinghe.
|
| 250 |
|
|
|a First edition.
|
| 264 |
|
1 |
|a New York :
|b Berghahn Books,
|c 2014.
|
| 264 |
|
4 |
|c 2014
|
| 300 |
|
|
|a 1 online resource (191 pages) :
|b illustrations
|
| 336 |
|
|
|a text
|2 rdacontent
|
| 337 |
|
|
|a computer
|2 rdamedia
|
| 338 |
|
|
|a online resource
|2 rdacarrier
|
| 504 |
|
|
|a Includes bibliographical references and index.
|
| 588 |
|
|
|a Description based on print version record.
|
| 590 |
|
|
|a Electronic reproduction. Ann Arbor, MI : ProQuest, 2015. Available via World Wide Web. Access may be limited to ProQuest affiliated libraries.
|
| 650 |
|
0 |
|a Industries
|x Social aspects
|z Sri Lanka
|x History.
|
| 650 |
|
0 |
|a Consumption (Economics)
|z Sri Lanka.
|
| 650 |
|
0 |
|a Civilization, Modern.
|
| 655 |
|
4 |
|a Electronic books.
|
| 776 |
0 |
8 |
|i Print version:
|a Wickramasinghe, Nira.
|t Metallic modern : everyday machines in colonial Sri Lanka.
|b First edition.
|d New York : Berghahn Books, c2014
|h x, 181 pages
|z 9781782382423
|w 2013017853
|
| 797 |
2 |
|
|a ProQuest (Firm)
|
| 856 |
4 |
0 |
|u https://ebookcentral.proquest.com/lib/matrademy/detail.action?docID=1375260
|z Click to View
|